| 000 | 01752nam a22003137a 4500 | ||
|---|---|---|---|
| 005 | 2011081809139.0 | ||
| 010 | _aB-428568-569 | ||
| 020 |
_a9780007368402 _c199.00 |
||
| 035 | _aB-428568-569 | ||
| 037 | _bRBC-22425/2010-11/17.3.11/76/4.3.11/30.3.11 | ||
| 082 | 0 | 0 |
_a395 _222 |
| 100 | 1 |
_aTruss, Lynne. _933066 |
|
| 245 | 1 | 0 |
_aTalk to the hand : _bthe utter bloody rudeness of the world today, or, six good reasons to stay home and bolt the door / _cLynne Truss. |
| 260 |
_aLondon : _bFourth Estate, HarperCollins Publishers _cc2007. |
||
| 270 |
_a77-85, Fullham Palace Road, Hammersmith _bLondon |
||
| 300 |
_ax, 214 p. ; _c20 cm. (Pbk) |
||
| 500 | _aIncludes bibliographical references | ||
| 504 | _aIncludes bibliographical references (p. 203-206). | ||
| 505 | 0 | _aWas that so hard to say? -- Why am I the one doing this? -- My bubble, my rules -- The unaversal eff-off reflex -- Booing the judges -- Someone else will clean it up. | |
| 650 | 0 |
_aCourtesy. _933067 |
|
| 856 | 4 | 1 | _uhttp://www.loc.gov/catdir/toc/fy0611/2006276654.html |
| 856 | 4 | 2 | _uhttp://www.loc.gov/catdir/enhancements/fy0720/2006276654-b.html |
| 856 | 4 | 2 | _uhttp://www.loc.gov/catdir/enhancements/fy0720/2006276654-d.html |
| 942 |
_2ddc _cEN _h395 _mTRU |
||
| 999 |
_c55583 _d55583 |
||